LEADER 01044nam a2200229 i 4500 001 991001558319707536 008 120124s2010 it b 000 0 ita 020 $a9788889602812 035 $ab14033483-39ule_inst 040 $aDip.to Filologia Class. e Scienze Filosofiche$bita 082 $a949 100 1 $aLeone, Luca$0476397 245 10$aBosnia express :$bpolitica, religione, nazionalismo, mafia e povertáa in quel che resta della Porta d'Oriente /$cLuca Leone ; prefazione di Sabina Langer ; introduzione di Riccardo Noury ; presentazione di Francesco De Filippo ; postfazione di Enisa Bukviâc 260 $aCastel Gandolfo (Roma) :$bInfinito,$c2010 300 $a155 p. :$b1 map ;$c21 cm 651 4$aBosnia-Erzegovina$xStoria 907 $a.b14033483$b02-04-14$c24-01-12 912 $a991001558319707536 945 $aLE007 949 LEO 01.01$g1$i2007000221679$lle007$op$pE12.00$q-$rl$s- $t0$u2$v0$w2$x0$y.i1537032x$z24-01-12 996 $aBosnia express$9244143 997 $aUNISALENTO 998 $ale007$b24-01-12$cm$da $e-$fita$git $h0$i0